Loading...
| Literature - British | 0 | 6 | 1 | 2 | 55 | 112 | 132.33 | 0 | 4 | 1.79 | 19.70 |
| Literature - European | 0 | 5 | 1 | 0 | 45 | 87 | 123.00 | 0 | 4 | 6.17 | 27.27 |
| Philosophy | 0 | 3 | 0 | 0 | 30 | 88 | 111.00 | 0 | 1 | 3.93 | 15.15 |
| Fine Arts - Painting and Sculpture | 0 | 3 | 1 | 1 | 25 | 105 | 117.33 | 1 | 1 | 3.62 | 13.64 |
| Literature - American | 0 | 3 | 1 | 1 | 25 | 118 | 133.33 | 0 | 1 | 1.58 | 13.64 |
| Fine Arts - Classical Music | 0 | 2 | 0 | 0 | 20 | 123 | 127.50 | 0 | 2 | 0.75 | 10.61 |
| Science - Other | 0 | 2 | 0 | 0 | 20 | 105 | 124.00 | 0 | 1 | 1.27 | 7.58 |
| Social Science | 0 | 1 | 0 | 0 | 10 | 124 | 124.00 | 0 | 1 | 0.00 | 6.06 |
| Fine Arts - Other | 0 | 1 | 0 | 1 | 10 | 119 | 119.00 | 0 | 1 | 1.02 | 4.55 |
| History - American | 0 | 1 | 0 | 0 | 10 | 87 | 87.00 | 0 | 0 | 2.96 | 3.03 |
| History - Other | 0 | 1 | 0 | 0 | 10 | 120 | 120.00 | 1 | 1 | 0.83 | 9.09 |
| Other Academic | 0 | 1 | 0 | 0 | 10 | 144 | 144.00 | 0 | 0 | 5.88 | 16.67 |
| Religion | 0 | 1 | 0 | 0 | 10 | 131 | 131.00 | 0 | 0 | 0.33 | 3.03 |
| Science - Chemistry | 0 | 1 | 0 | 0 | 10 | 119 | 119.00 | 0 | 1 | -0.08 | 3.03 |
| Mythology | 0 | 1 | 1 | 0 | 5 | 115 | 115.00 | 0 | 0 | 1.62 | 3.03 |
| Literature - World | 0 | 1 | 1 | 0 | 5 | 118 | 118.00 | 1 | 1 | 1.89 | 9.09 |
| Science - Physics | 0 | 0 | 0 | 0 | 0 | 0.00 | 0 | 0 | 0.00 | 0.00 |